000
00326pam a2200145 a 4500
020
_c
041
_h
100
_a
COLIN TURNER
_e
Author
245
_a
PATHS TO SUCCEED
_c
COLIN TURNER
_h
Textual Documents
260
_a
new york
_b
Texere Pub
300
_a
166
653
_a
Management
700
_e
Co-Author
930
_a
3661
999
_c
231058
_d
231058